Región Caribe, Antioquia, Chocó, nuevos escenarios de conflicto armado y violencia : (Registro nro. 48819)

Detalles MARC
000 -LEADER
fixed length control field 04087nam a2200529 a 4500
005 - DATE AND TIME OF LATEST TRANSACTION
control field 20250515151450.0
008 - FIXED-LENGTH DATA ELEMENTS--GENERAL INFORMATION
fixed length control field 150217s2014 ck a gr 001 0 spa d
020 ## - INTERNATIONAL STANDARD BOOK NUMBER
International Standard Book Number 9789588469843
040 ## - CATALOGING SOURCE
Original cataloging agency CO-CtgCURN
Language of cataloging spa
Transcribing agency coctgcurn
043 ## - GEOGRAPHIC AREA CODE
Geographic area code s-ck---
045 ## - TIME PERIOD OF CONTENT
Time period code y1y1
082 04 - DEWEY DECIMAL CLASSIFICATION NUMBER
Classification number 303.60986
Item number C397r
Edition information 19
110 2# - MAIN ENTRY--CORPORATE NAME
Corporate name or jurisdiction name as entry element Colombia. Centro Nacional de Memoria Histórica.
Subordinate unit Dirección de Acuerdos de Verdad.
245 10 - TITLE STATEMENT
Title Región Caribe, Antioquia, Chocó, nuevos escenarios de conflicto armado y violencia :
Remainder of title panorama posacuerdos con AUC /
Statement of responsibility, etc. Centro Nacional de Memoria Histórica, Dirección de Acuerdos de la Verdad ; coordinador de la investigación y edición © lvaro Villarraga Sarmiento.
260 ## - PUBLICATION, DISTRIBUTION, ETC.
Place of publication, distribution, etc. Bogotá :
Name of publisher, distributor, etc. Nacional de Memoria Histórica. Dirección de Acuerdos de la Verdad,
Date of publication, distribution, etc. 2014.
300 ## - PHYSICAL DESCRIPTION
Extent 411 páginas, [6] pg inas de láminas :
Other physical details ilustraciones, gráficos, mapas ;
Dimensions 23 cm.
504 ## - BIBLIOGRAPHY, ETC. NOTE
Bibliography, etc. note Incluye bibliografías e índice.
520 8# - SUMMARY, ETC.
Summary, etc. Entrega en sus respectivos capítulos información y análisis de lo sucedido en la región Caribe y en los departamentos de Antioquia y de Chocó básicamente sobre la situación de los programas oficiales de reintegración a la vida civil de la población desmovilizada de los grupos paramilitares y de guerrilleros desertores acogidos a la legalidad, en contraste con la observación de la situación de permanencia o de reconfiguraron de nuevos grupos armados ilegales tras las desmovilizaciones colectivas de estructuras de las AUC. Las referencias sobre la situación de la población de niñas y niños desvinculados del conflicto armado y acogida al programa especial del ICBF que se hacen son someras, en razón de que este tema se trata con más amplitud y detalle en el II Informe de DDR de la CNRR La Reintegración: logros en medio de rearmes y problemáticas no resueltasy en un capítulo del volumen de esta serie referido a los enfoques de género, edad y etnia en la reintegración.
650 #4 - SUBJECT ADDED ENTRY--TOPICAL TERM
Topical term or geographic name entry element Violencia
Geographic subdivision Caribe (Región, Colombia)
Chronological subdivision 2011-2012.
650 #4 - SUBJECT ADDED ENTRY--TOPICAL TERM
Topical term or geographic name entry element Conflicto armado
Geographic subdivision Caribe (Región, Colombia)
Chronological subdivision 2011-2012.
650 #4 - SUBJECT ADDED ENTRY--TOPICAL TERM
Topical term or geographic name entry element Paramilitarismo
Geographic subdivision Caribe (Región, Colombia)
Chronological subdivision 2011-2012.
650 #0 - SUBJECT ADDED ENTRY--TOPICAL TERM
Topical term or geographic name entry element Derechos humanos
Geographic subdivision Caribe (Región, Colombia)
Chronological subdivision 2011-2012.
650 #4 - SUBJECT ADDED ENTRY--TOPICAL TERM
Topical term or geographic name entry element Desmovilización de guerrillas
Geographic subdivision Caribe (Región, Colombia)
Chronological subdivision 2011-2012.
650 #4 - SUBJECT ADDED ENTRY--TOPICAL TERM
Topical term or geographic name entry element Desmovilización de paramilitares
Geographic subdivision Caribe (Región, Colombia)
Chronological subdivision 2011-2012.
650 #4 - SUBJECT ADDED ENTRY--TOPICAL TERM
Topical term or geographic name entry element Postconflicto armado
General subdivision Aspectos económicos
Geographic subdivision Caribe (Región, Colombia)
Chronological subdivision 2011-2012.
650 #4 - SUBJECT ADDED ENTRY--TOPICAL TERM
Topical term or geographic name entry element Violencia
Geographic subdivision Chocó (Colombia)
Chronological subdivision 2011-2012.
650 #4 - SUBJECT ADDED ENTRY--TOPICAL TERM
Topical term or geographic name entry element Conflicto armado
Geographic subdivision Chocó (Colombia)
Chronological subdivision 2011-2012.
650 #4 - SUBJECT ADDED ENTRY--TOPICAL TERM
Topical term or geographic name entry element Paramilitarismo
Geographic subdivision Chocó (Colombia)
Chronological subdivision 2011-2012.
650 #0 - SUBJECT ADDED ENTRY--TOPICAL TERM
Topical term or geographic name entry element Derechos humanos
Geographic subdivision Chocó (Colombia)
Chronological subdivision 2011-2012.
650 #4 - SUBJECT ADDED ENTRY--TOPICAL TERM
Topical term or geographic name entry element Desmovilización de guerrillas
Geographic subdivision Chocó (Colombia)
Chronological subdivision 2011-2012.
650 #4 - SUBJECT ADDED ENTRY--TOPICAL TERM
Topical term or geographic name entry element Desmovilización de paramilitares
Geographic subdivision Chocó (Colombia)
Chronological subdivision 2011-2012.
650 #4 - SUBJECT ADDED ENTRY--TOPICAL TERM
Topical term or geographic name entry element Postconflicto armado
General subdivision Aspectos económicos
Geographic subdivision Chocó (Colombia)
Chronological subdivision 2011-2012.
650 #4 - SUBJECT ADDED ENTRY--TOPICAL TERM
Topical term or geographic name entry element Violencia
Geographic subdivision Antioquia (Colombia)
Chronological subdivision 2011-2012.
650 #4 - SUBJECT ADDED ENTRY--TOPICAL TERM
Topical term or geographic name entry element Conflicto armado
Geographic subdivision Antioquia (Colombia)
Chronological subdivision 2011-2012.
650 #4 - SUBJECT ADDED ENTRY--TOPICAL TERM
Topical term or geographic name entry element Paramilitarismo
Geographic subdivision Antioquia (Colombia)
Chronological subdivision 2011-2012.
650 #0 - SUBJECT ADDED ENTRY--TOPICAL TERM
Topical term or geographic name entry element Derechos humanos
Geographic subdivision Antioquia (Colombia)
Chronological subdivision 2011-2012.
650 #4 - SUBJECT ADDED ENTRY--TOPICAL TERM
Topical term or geographic name entry element Desmovilización de guerrillas
Geographic subdivision Antioquia (Colombia)
Chronological subdivision 2011-2012.
650 #4 - SUBJECT ADDED ENTRY--TOPICAL TERM
Topical term or geographic name entry element Desmovilización de paramilitares
Geographic subdivision Antioquia (Colombia)
Chronological subdivision 2011-2012.
650 #4 - SUBJECT ADDED ENTRY--TOPICAL TERM
Topical term or geographic name entry element Postconflicto armado
General subdivision Aspectos económicos
Geographic subdivision Antioquia (Colombia)
Chronological subdivision 2011-2012.
650 #4 - SUBJECT ADDED ENTRY--TOPICAL TERM
Topical term or geographic name entry element Guerrillas
Geographic subdivision Caribe (Región, Colombia)
Chronological subdivision 2011-2012.
650 #4 - SUBJECT ADDED ENTRY--TOPICAL TERM
Topical term or geographic name entry element Guerrillas
Geographic subdivision Chocó (Colombia)
Chronological subdivision 2011-2012.
650 #4 - SUBJECT ADDED ENTRY--TOPICAL TERM
Topical term or geographic name entry element Guerrillas
Geographic subdivision Antioquia (Colombia)
Chronological subdivision 2011-2012.
700 1# - ADDED ENTRY--PERSONAL NAME
Personal name Villarraga Sarmiento, Alvaro,
Relator term coordinador.
856 7# - ELECTRONIC LOCATION AND ACCESS
Uniform Resource Identifier <a href="http://www.centrodememoriahistorica.gov.co/informes/publicaciones-por-ano/2014/informes-dav/download/156_eb022d65c8a10a34fc8260a6a38cccef">http://www.centrodememoriahistorica.gov.co/informes/publicaciones-por-ano/2014/informes-dav/download/156_eb022d65c8a10a34fc8260a6a38cccef</a>
Public note Clic aqui para ver el texto completo
942 ## - ADDED ENTRY ELEMENTS (KOHA)
Source of classification or shelving scheme Dewey Decimal Classification
Koha item type Libros
Classification part 303.60986
Item part C397r
Existencias
Withdrawn status Lost status Source of classification or shelving scheme Damaged status Not for loan Collection Home library Current library Shelving location Date acquired Source of acquisition Cost, normal purchase price Inventory number Total checkouts Full call number Barcode Date last seen Price effective from Koha item type Public note
    Dewey Decimal Classification     General Miguel Henríquez Castañeda Miguel Henríquez Castañeda General 05/15/2025 Centro Nacional de Memoria Histórica 33000.00 022038   303_60986 C397r 022038 11/06/2018 11/06/2018 Libros 300-CIENSO